000 00410pab a2200169 454500
008 180718b2014 xxu||||| |||| 00| 0 eng d
100 _aGautam, Harender Raj
245 _aAgricultural development - The road ahead
260 _c2014
300 _ap.3-6.
362 _aJun
650 _aAgricultural development
700 _aRohitashw Kumar
773 _aKurukshetra
908 _aN
909 _a104449
999 _c104445
_d104445